| 000 | 00503nam a2200169 i 4500 | ||
|---|---|---|---|
| 001 | 85394 | ||
| 003 | ES-MaACL | ||
| 005 | 20230906175232.0 | ||
| 007 | t| | ||
| 008 | 041129s1930 sp ||||1| spa d | ||
| 100 | 1 |
_aJiménez de Asúa, Luis, _d1889-1970 _966491 |
|
| 245 | 1 | 0 |
_aNotas de un confinado / _cLuis Jiménez de Asúa. |
| 260 |
_aMadrid : _b[s.n., _c1930] ( _fCompañía General de Artes Gráficas) |
||
| 300 |
_a204 p. ; _c19 cm. |
||
| 852 |
_aES-MaACL _jB-4149 |
||
| 999 |
_c85394 _d85394 |
||